000 00328nam a2200109Ia 4500
008 171211s9999 xx 000 0 und d
245 _aKrav Magá: sua defesa pessoal contra a vtolênsia urbana
245 _cKobi Lichtenstein
260 _c1993
650 _xMartial Arts
856 _uhttp://down.ebook777.com/057/8585269243.pdf
999 _c348194
_d348194